000 00443nam a2200169Ia 4500
008 131103s9999 xx 000 0 und d
040 _aLoreto College
041 _aEnglish
082 _aF/HUX
_bLCLIB/12226
100 _aHuxley,Elspeth
245 4 _aThe Merry Hippo
_b a novel
_cElspeth Huxley
260 _aLondon
_bChatto & Windus
_c1963
300 _a254 p.
_c 20 cm.
650 _aFiction in English
850 _aLCLIB
942 _cBK
999 _c15124
_d65603